000
00260nam a22001217a 4500
008
180111b xxu||||| |||| 00| 0 eng d
041
_a
eng
080
_a
82
100
_a
21
101
_a
GJU
245
_a
SIXTEN SHORT NOVELS
_c
WILFRID.SH
942
_2
udc
_c
BK
999
_c
40100
_d
40100